LEADER 00781nam0-22002891i-450- 001 990007544920403321 005 20061215141446.0 035 $a000754492 035 $aFED01000754492 035 $a(Aleph)000754492FED01 035 $a000754492 100 $a20030814d1944----km-y0itay50------ba 101 0 $aita 102 $aIT 105 $ay-------001yy 200 1 $a<>Russia comunista$e(1917 - 1939)$fC. Barbagallo 210 $aNapoli$cFiorentino$d1944 215 $a313 p.$d22 cm 610 0 $aRussia$aStoria 700 1$aBarbagallo,$bCorrado$f<1877-1952>$039458 801 0$aIT$bUNINA$gRICA$2UNIMARC 901 $aBK 912 $a990007544920403321 952 $aH-02-076$bI.G. 03564$fILFGE 959 $aILFGE 996 $aRussia comunista$963535 997 $aUNINA LEADER 01381nam a2200313 i 4500 001 991000450039707536 008 040927 2003 it 0 ita 020 $a8846457080 035 $ab13223008-39ule_inst 040 $aSet. Economia$bita 082 0 $a658.83 245 03$aIl marketing della ricerca e dell'innovazione :$bsfide per le imprese e il sistema Paese nell'economia della conoscenza /$ca cura di Nicoletta Buratti, Michele Simoni ; introduzione di Riccardo Varaldo 260 $aMilano :$bAngeli,$c2003 300 $a162 p. ;$c23 cm 490 $aEconomia e politica industriale ;$v246 500 $aCon bibliografia 650 4$aInnovazione tecnologica$xMarketing 650 4$aProdotti nuovi$xMarketing 650 4$aRicerca scientifica$xMarketing 700 1 $aSimoni, Michele 700 1 $aVaraldo, Riccardo 700 1 $aBuratti, Nicoletta 907 $a.b13223008$b18-12-18$c27-09-04 912 $a991000450039707536 945 $aLE025 ECO 658.8 BUR04.01$g1$i2025000098282$lle025$nCatalogato 2018$og$pE15.00$q-$rl$s- $t0$u7$v3$w7$x0$y.i13895333$z13-10-04 945 $aLE025 ECO 658.8 BUR04.01$g2$i2025000098275$lle025$nCatalogato 2018$og$pE15.00$q-$rl$s- $t0$u1$v0$w1$x0$y.i13895345$z13-10-04 996 $aMarketing della ricerca e dell'innovazione$967175 997 $aUNISALENTO 998 $ale025$b27-09-04$cm$da $e-$fita$git $h3$i0